000 00630nam a2200217Ii 4500
003 JO-AjNU
008 230606s9999||||xx |||||||||||||| ||und||
020 _a978-81-8128-694-9
040 _aJO-AjNU
_beng
_erda
_cJO-AjNU
041 _aeng
050 1 4 _a Q612.M374.1991
100 3 _amassey,William s,
_eauthor
_93861
245 0 0 _a A basic course in algebraic topology
264 3 1 _aSpringer:Berline,2004
300 _a412p
336 _atext
_btxt
_2rdacontent
337 _aunmediated
_bn
_2rdamedia
338 _avolume
_bnc
_2rdacarrier
490 0 _aTEXT in mathematics 127
650 4 _a Algebraic topology. 
_93862
999 _aE2014
_c2013
_d2013